000 00508nam a2200193Ia 4500
005 20240823051009.0
008 240823s9999||||xx |||||||||||||| ||und||
020 _a81-8318-574-6
041 _aENGLISH
082 _A332.154 P7
100 _aVasant Desai
245 0 _aDevelopment Banking and Financial Intermediaries
250 _a3rd
260 _c2007
_b"Himalaya Publishing House, Bombay,"
500 _aYES
650 _aDevelopment Banking
_bManagement Studies
942 _cBK
999 _c218538
_d218538